[Event "Collado Villalba op-A 26th"]
[Site "Collado Villalba"]
[Date "2009.08.21"]
[Round "1"]
[White "Hernandez Gallardo, Francisco Javier"]
[Black "Sanchez Carvajal, Nestor"]
[Result "1-0"]
[WhiteElo "2352"]
[BlackElo "1989"]
[PlyCount "81"]
[EventDate "2009.08.21"]
[EventType "swiss"]
[EventRounds "9"]
[EventCountry "ESP"]
[SourceTitle "CBM 132 Extra"]
[Source "ChessBase"]
[SourceDate "2009.11.03"]
[SourceVersion "1"]
[SourceVersionDate "2009.11.03"]
[SourceQuality "1"]

1. Nf3 d5 2. d4 Nf6 3. c4 c6 4. Qc2 e6 5. g3 Be7 6. Bg2 Nbd7 7. 0-0 0-0 8. Nbd2 Re8 9. e4 dxe4 10. Nxe4 Nxe4 11. Qxe4 Nf6 12. Qe2 Qc7 13. Bf4 Bd6 14. Bg5 Nd7 15. c5 Be7 16. Bf4 Qd8 17. b4 a6 18. a4 Nf6 19. b5 Nd5 20. bxc6 bxc6 21. Ne5 Nxf4 22. gxf4 Bb7 23. Rab1 Qc7 24. Rb6 Rab8 25. Rfb1 Bf8 26. Qb2 Re7 27. Bxc6 f6 28. Nd3 Bxc6 29. Rxb8 Qd7 30. Nb4 Be4 31. Re1 f5 32. Qc3 Qa7 33. Rb6 Rc7 34. a5 Qa8 35. Re3 Rb7 36. f3 Bd5 37. Nxd5 exd5 38. Qb3 Rf7 39. Re5 g5 40. Qxd5 Qc8 41. Rf6 1-0